Dva šátečky
| Main Author: | Fuka, Vladimír, 1920-1996 |
|---|---|
| Other Authors: | Cink, Míla, 1909-, Radešínský, Svatopluk, 1927-2002 |
| Language: | Czech |
| Published: |
Praha : Editio Bärenreiter, 2000 |
| Edition: | 1. vyd. |
| Series: |
Česká a moravská dechovka
|
| Physical Description: |
1 řídící hlas ; 15 x 21 cm + 44 hlasů. |
| LEADER | 01172ncm a2200301 a 4500 | ||
|---|---|---|---|
| 001 | 000543014 | ||
| 003 | CZ BrMZK | ||
| 005 | 20181108144354.0 | ||
| 008 | 000105s2000 xr cze d | ||
| 015 | |a cnb000979766 | ||
| 024 | 2 | |a M260100343 | |
| 028 | 0 | 3 | |a DH 4 |b Editio Bärenreiter Praha |
| 040 | |a BOA001 |b cze | ||
| 080 | |a 788.086.1 |2 MRF | ||
| 100 | 1 | |a Fuka, Vladimír, |d 1920-1996 |7 xx0007262 | |
| 245 | 1 | 0 | |a Dva šátečky |h [hudebnina] / |c [hudba] Vladimír Fuka, [text] Míla Cink. Slavonická / [hudba] Vladimír Fuka, [text] Svatopluk Radešínský |
| 250 | |a 1. vyd. | ||
| 260 | |a Praha : |b Editio Bärenreiter, |c 2000 | ||
| 300 | |a 1 řídící hlas ; |c 15 x 21 cm + |e 44 hlasů. | ||
| 490 | 1 | |a Česká a moravská dechovka ; |v DH 4 | |
| 653 | 0 | |a dechový orchestr |a orchestrální pochody |a orchestrální polky | |
| 700 | 1 | |a Cink, Míla, |d 1909- |7 ola200203636 | |
| 700 | 1 | |a Radešínský, Svatopluk, |d 1927-2002 |7 jk01101886 | |
| 830 | 0 | |a Česká a moravská dechovka | |
| 910 | |a BOA001 |b Mus2-1076.766 | ||
| 964 | |a Orchestr dechový |x HUD | ||
| 990 | |a MU | ||
| 996 | 6 | |b 2610121069 |c Mus2-1076.766 |l MZK |r Sklad / do 1 hodiny |n 1 |p p.v. |w 000543014 |u 000010 |a 1 |e BOA001 |j MZK50 |s P | |
English
Čeština 